000 00501nam a2200181Ia 4500
003 GCL
008 140319s9999 xx 000 0 ara d
040 _aGCL /
_cGCL
082 0 4 _a923.1
_bو ا
100 1 _aوبيرت, فوكس
245 1 0 _aالاسكندر الاكبر /
_cوبيرت, فوكس
700 1 _aرؤوف سلامه موسى
300 _a148 ص
490 _aاعلام ومشاهير
_v0
650 0 4 _aالاسكندر الاكبر
650 0 4 _aالملوك
942 _2ddc
_cBK
999 _c49441
_d49441